00379nam a2200145 a 45000010010000000030011000100080041000210350026000620820013000881000020001012450018001212600036001396500015001758560043001900000-8636ELIB.Books110520 1949  a(ELIB.Books)0000-8782 a30 bBas aBasescu, Sophie aThe Word Bank bEmmaus: The Rodale Press c1949 aDictionary nK.B.T.S LibraryuK.B.T.S Library ELIB.